| 000 | 00823nam a2200277Ia 4500 | ||
|---|---|---|---|
| 003 | OSt | ||
| 005 | 20220927115045.0 | ||
| 006 | a|||||r|||| 00| 0 | ||
| 007 | ta | ||
| 008 | 220926b |||||||| |||| 00| 0 eng d | ||
| 020 | _a047190077X | ||
| 024 | _a70332 | ||
| 037 | _cThesis and Dissertations | ||
| 040 |
_aRTL _cRTL _beng |
||
| 041 |
_2eng _aeng |
||
| 082 | _a"X:51b4.3.N8, M3" | ||
| 100 |
_aGorton Keith _9390454 |
||
| 245 | 0 |
_aLow cost marketing research _b A guide for small bus |
|
| 260 |
_aNY _bWiley _c1983 |
||
| 300 |
_a"ix,111p" _ccm. |
||
| 490 | _aIndustrial Marketing Research Association | ||
| 650 | _aMarketing | ||
| 700 |
_a Carr Isobel _9390455 |
||
| 942 |
_h"X:51b4.3.N8, M3" _cCC |
||
| 999 |
_c705670 _d705670 |
||